| 000 | 00491nam a2200145 4500 | ||
|---|---|---|---|
| 082 | _aBESE-3 KHA | ||
| 100 | _aKHAWAJA WAQEEL KHALID | ||
| 245 | _aMODEL VR COLLABORATIVE VIRTUAL 3D MODEL EDITOR | ||
| 260 |
_aISLAMABAD _bNUST-SEECS _c2016 |
||
| 300 |
_a68p. _eCD INCLUDES |
||
| 856 | _uhttp://10.250.8.41:8080/xmlui/handle/123456789/6860 | ||
| 942 |
_2ddc _cTHE |
||
| 999 |
_c173166 _d173166 |
||